000 00498pam a2200181 a 4500
020 _a9781556427541
_c1833.97
041 _aeng
_hNULL
082 _a615.8515
_bWIL
100 _aWILCOCK A .A.
245 _aAN OCCUPATIONAL PERSPECTIVE OF HEALTH /
_cNULL.
_hTextual Documents
250 _a2 ED /
_b.
260 _aNULL :
_bSLACK IN CORPORATED ,
_c2006.
300 _a360 : :
_bXIX ; ;
_cA4 . +
_eHB.
365 _a1833.97
930 _a2025
999 _c796561
_d796561
650 _aPHARMACOLOGY